Deodendron: árboles y arbustos de jardín en clima templado

Salvato in:
Dettagli Bibliografici
Autore principale: Chanes, Rafael (Autore)
Natura: Libro
Lingua:spagnolo
Pubblicazione: Barcelona Leopold Blume 2000
Soggetti:
Tags: Aggiungi Tag
Nessun Tag, puoi essere il primo ad aggiungerne!!

MARC

LEADER 00000nam a2200000 a 4500
001 UCI3353
003 CL-VaPUC
008 071026e20000000SP |||||||||||||||||spa|d
020 |a 848076368X 
082 0 4 |a 635.95  |b CHA  |2 21 
100 0 |a Chanes, Rafael  |e author  |9 524717 
245 1 0 |a Deodendron: árboles y arbustos de jardín en clima templado 
300 |a 559 p 
942 |c BK 
945 |d 20071026 00:00:00  |a rbrito 
260 |a Barcelona  |b Leopold Blume  |c 2000 
650 0 |a Arbustos   |9 264190 
650 0 |a Árboles ornamentales  |9 303484 
650 0 |a Arboricultura  |9 403525 
650 0 |a Horticultura  |9 259721 
650 7 |a SILVICULTURA  |2 CL-VaPUC  |9 264178 
650 7 |a CLIMA TEMPLADO  |2 CL-VaPUC  |9 524719 
650 0 |a Jardinería   |9 310804 
583 |a last modification  |c 20071026 00:00:00  |k Rodrigo Vera 
999 |c 327605  |d 327603 
952 |0 0  |1 0  |4 0  |6 635_950000000000000_CHA_2000  |7 0  |8 A  |9 410622  |a BIBCUR  |b BIBCUR  |d 2019-11-22  |i 4382218  |l 1  |o 635.95 CHA 2000  |p 4382218  |r 2025-04-22  |s 2023-11-16  |w 2019-11-22  |y BK  |k BCB